000 00665nam a2200205Ii 4500
003 JO-AjNU
008 230605s9999||||xx |||||||||||||| ||und||
040 _aJO-AjNU
_bara
_erda
_cJO-AjNU
041 _aara
050 1 4 _aQC522.H272 2004
100 3 _aالحسن ، ميسر محمد,
_eauthor
_917890
245 0 0 _aالكهرباءالصناعية الصيانه وكشف الاعطال
250 _aط1
264 3 1 _aسوريا:شعاع للنشر ، 2004
300 _a357ص
336 _atext
_btxt
_2rdacontent
337 _aunmediated
_bn
_2rdamedia
338 _avolume
_bnc
_2rdacarrier
650 4 _aالكهرباء الصناعيه -صيانة
_917891
999 _aA5620
_c9188
_d9188